Circuit analysis : theory and practice /

This book is about: Fundamentals; Time-Domain circuit analysis; Frequency-domain analysis; Series and transform methods; Selected topics; ...

Đã lưu trong:
書目詳細資料
主要作者: Cunningham, David R.
其他作者: Stuller, John A.
格式: 圖書
語言:English
出版: Boston : Houghton Mifflin, 1995.
版:2nd ed.
主題:
標簽: 添加標簽
沒有標簽, 成為第一個標記此記錄!
Thư viện lưu trữ: Mạng thư viện Đại học Đà Nẵng
LEADER 01045cam a2200349 i 4500
001 000048658
003 8380
005 20030312153546.0
008 010324|1995 vm 000 eng
020 |a 0395695740 
040 |a IRC  |c IRC  |d IRC 
041 0 |a eng 
082 1 4 |a 621.3192  |b CU-D 
100 1 |a Cunningham, David R. 
245 0 0 |a Circuit analysis :  |b theory and practice /  |c David R. Cunningham, John A. Stuller. 
250 |a 2nd ed. 
260 |a Boston :  |b Houghton Mifflin,  |c 1995. 
300 |a 735 p. ;  |c 25.5cm. 
520 3 |a This book is about: Fundamentals; Time-Domain circuit analysis; Frequency-domain analysis; Series and transform methods; Selected topics; ... 
630 0 4 |a Electric circuit analysis. 
650 0 4 |a Electric circuit analysis. 
700 1 |a Stuller, John A. 
OWN |a DUT 
999 |a From the UDN01 
TYP |a Monograph 
TYP |a Printed language 
980 |a Mạng thư viện Đại học Đà Nẵng